FIFA FIFPro World XI 2020 - Statistics

Statistiche generali
  • Questo quiz è stato fatto 21 volte
  • Il punteggio medio è 10 su 11
Statistiche sulle risposte
Ruolo Nazione Squadra Calciatore % Corretto
Attaccante Portogallo Juventus Cristiano Ronaldo
100%
Attaccante Argentina Barcellona Lionel Messi
100%
Difensore Spagna Real Madrid Sergio Ramos
95%
Difensore Paesi Bassi Liverpool Virgil van Dijk
95%
Portiere Brasile Liverpool Alisson
90%
Difensore Canada Bayern Monaco Alphonso Davies
90%
Centrocampista Belgio Manchester City Kevin De Bruyne
90%
Attaccante Polonia Bayern Monaco Robert Lewandowski
90%
Centrocampista Spagna Bayern Monaco / Liverpool Thiago Alcántara
85%
Centrocampista Germania Bayern Monaco Joshua Kimmich
80%
Difensore Inghilterra Liverpool Trent Alexander-Arnold
80%
Nessun quiz corrispondente trovato
Distribuzione punteggi
Percentuale di utenti per punteggio
Percentile per numero di risposta
I tuoi punteggi nel tempo
Non hai fatto questo quiz